Responsive Government service quality initiatives

Guardado en:
Detalles Bibliográficos
Formato: Libro
Lenguaje:inglés
Publicado: Paris OECD 1996
Materias:
Etiquetas: Agregar Etiqueta
Sin Etiquetas, Sea el primero en etiquetar este registro!

MARC

LEADER 00000nam a2200000 4500
001 c117839
005 20221221084733.6
020 |a 92-64-14709-8 
041 0 |a eng 
044 |a FR 
245 1 0 |a Responsive Government  |b service quality initiatives 
264 1 |a Paris  |b OECD  |c 1996 
300 |a 298 s. 
610 2 0 |a služby verejné 
610 2 0 |a správa verejná 
610 2 0 |a starostlivosť sociálna 
610 2 0 |a služby konzultačné 
610 2 0 |a služby obyvateľstvu 
610 2 0 |a služby sociálne 
610 2 0 |a služby starostlivosti sociálnej 
610 2 0 |a služby neplatené 
610 2 0 |a štúdie prípadové 
610 2 0 |a OECD